Statistics for Street Signs By Country

Click here to take the quiz!

General Stats

  • This quiz has been taken 51 times
  • The average score is 20 of 24

Answer Stats

Answer% Correct
United States
100%
Brazil
93%
China
93%
Italy
93%
Turkey
93%
Indonesia
91%
Iceland
89%
Switzerland
89%
Austria
87%
Germany
87%
Poland
87%
Malaysia
85%
Philippines
85%
Saudi Arabia
85%
Greece
83%
Japan
83%
Lithuania
80%
Australia
72%
The Netherlands
72%
Sri Lanka
70%
Thailand
70%
Vietnam
65%
Israel
59%
Nepal
52%

Score Distribution

Percentile by Number Answered

Percent of People with Each Score

Your Score History

You have not taken this quiz